Loading...
Literature - European Literature | 4 | 3 | 1 | 0 | 85 | 36 | 63.14 | 4 | 7 |
Literature - British Literature | 3 | 4 | 2 | 0 | 75 | 24 | 70.43 | 7 | 7 |
Literature - World Literature | 3 | 3 | 0 | 0 | 75 | 51 | 68.33 | 5 | 6 |
Literature - American Literature | 2 | 3 | 3 | 0 | 45 | 75 | 88.20 | 3 | 5 |
Other Academic | 1 | 1 | 0 | 0 | 25 | 84 | 90.50 | 1 | 2 |
Social Science | 0 | 1 | 0 | 0 | 10 | 125 | 125.00 | 0 | 1 |
Fine Arts - Other Arts | 0 | 1 | 0 | 0 | 10 | 94 | 94.00 | 0 | 1 |
Geography | 0 | 1 | 0 | 0 | 10 | 106 | 106.00 | 0 | 1 |
Philosophy | 0 | 1 | 0 | 0 | 10 | 97 | 97.00 | 1 | 1 |
Science - Other Science | 0 | 1 | 1 | 0 | 5 | 75 | 75.00 | 0 | 1 |
Current Events | 0 | 1 | 1 | 0 | 5 | 82 | 82.00 | 0 | 1 |
Beliefs | 0 | 0 | 0 | 0 | 0 | 0.00 | 0 | 0 |